| 000 | 00447nam a2200097Ia 4500 | ||
|---|---|---|---|
| 008 | 180130s9999 xx 000 0 und d | ||
| 245 |
_cGaudina, Germain; Saavedrab, Claudia _aEx Ante margin squeeze tests in the telecommunications industry for data communication: what is a reasonably efficient operator? |
||
| 260 | _c2015 | ||
| 300 | _aBook title: Elements of data communication--Acession number C20540; pages 129-156 | ||
| 650 | _aDATA COMMUNICATION | ||
| 999 |
_c353860 _d353860 |
||